000 00257nam a2200097Ia 4500
001 1300095
005 20260420095857.0
008 260420s9999 xx 000 0 und d
245 0 _aTUZ YÜKLÜ EŞEK
_cNEFİSE ATÇAKARLAR
260 _bTİMAŞ ÇOCUK YAYINLARI
999 _c1300095
_d1300095